| 000 | 00518nam a22001817a 4500 | ||
|---|---|---|---|
| 003 | LK-CoDNM | ||
| 005 | 20231205153654.0 | ||
| 008 | 231205b |||||||| |||| 00| 0 eng d | ||
| 020 | _a9786246103019 | ||
| 040 |
_aLK-CoDNM _dLK-CoDNM _eLK-CoDNM |
||
| 041 | _asin | ||
| 080 |
_aX8C31 _bවික්රම |
||
| 100 | _aවික්රමරත්න,දිල්හානි | ||
| 245 | _aරිදී ඇල්ල | ||
| 260 |
_aDelgoda _bWarna Grafic & Publisher _c2022 |
||
| 300 | _a248p.21cm | ||
| 942 | _cBK | ||
| 999 |
_c143849 _d143849 |
||